ZUR VERBREITUNG DER FIBELN ALMGREN 43 IM MITTELDONAUGEBIET

Bibliographic Details
Main Author: Rajtár, Ján, 1954- (Author)
Format: Article
Language:German
ISBN:808870961X

MARC

LEADER 00000naa a2200000uu 4500
001 vtls011074931
003 SK-MaSNL
005 20260302111428.0
008 210909|2002 xo |||||||||||||||||ger|
015 |a SNBRA 
035 |a (urnnbn)urn:nbn:sk:snk:ar-a0cdnb 
035 |a (uuid)bd54bb76-7045-46f5-bb83-2dbcfadc7c6b 
035 |a urn:nbn:sk:snk-aavjtz 
040 |a SNKBUCL  |b slo  |c SNKBUCL  |e AACR2 
041 0 |a ger 
044 |a xo  |c SK 
100 1 |a Rajtár, Ján,  |d 1954-  |4 aut  |9 238663 
245 1 0 |a ZUR VERBREITUNG DER FIBELN ALMGREN 43 IM MITTELDONAUGEBIET  |c JÁN RAJTÁR 
773 0 |t Zwischen Rom und dem Barbaricum  |d Nitra : Archäologisches Institut der Slowakischen Akademie der Wissenschaften, 2002  |g S. [355]-364  |z 808870961X 
958 |a OND 
958 |a article12 
958 |a chapter 
999 |c 1247653  |d 1249583